Countries with Two or More Coastlines - Statistics

General Stats
  • This quiz has been taken 1,992 times
    1,940 since last reset
  • The average score is 23 of 29
Answer Stats
Answer % Correct
United States
99%
Canada
97%
Mexico
96%
Russia
96%
France
95%
Panama
94%
Spain
94%
Nicaragua
91%
Costa Rica
90%
Guatemala
89%
Honduras
89%
Indonesia
85%
Saudi Arabia
85%
Turkey
85%
Colombia
84%
Egypt
84%
Malaysia
83%
Thailand
79%
Germany
76%
Morocco
70%
Israel
68%
Oman
68%
United Arab Emirates
66%
North Korea
65%
Senegal
61%
Croatia
59%
Angola
52%
East Timor
43%
Cyprus
27%
No matching quizzes found
Score Distribution
Percent of People with Each Score
Percentile by Number Answered
Your Score History
You have not taken this quiz since the last reset